| 000 | 00572 a2200193 4500 | ||
|---|---|---|---|
| 003 | OSt | ||
| 005 | 20260203101141.0 | ||
| 008 | 190702t xxu||||| |||| 00| 0 eng d | ||
| 020 | _a9788416239924 | ||
| 040 | _c0 | ||
| 082 |
_a729.40222 _bBRO |
||
| 100 |
_aBrot, Carles _9120949 |
||
| 245 |
_aThe use of color in architecture/ _cCarles Broto. |
||
| 260 |
_bLinks International _c2016. |
||
| 300 |
_a298p.: _bill; _c28 cm. |
||
| 650 |
_aColor in architecture _933801 |
||
| 942 |
_2ddc _cBK _aSADA _k729.40222 BRO 2016 |
||
| 999 |
_c607948 _d607948 |
||